Most Goals in the History of Football - Statistics

General Stats
  • This quiz has been taken 426 times
    114 since last reset
  • The average score is 9 of 20
Answer Stats
# Hint Goals Scored Player % Correct
1 Active Portuguese legend who won the UCL 5 times 953 Cristiano Ronaldo
100%
2 Active Argentinian legend who has won 8 Ballon d'Ors 895 Lionel Messi
100%
3 Brazilian legend who won 3 World Cups 762 Pelé
99%
7 Active Polish striker who once scored 5 goals in 9 minutes 683 Robert Lewandowski
90%
5 Hungarian striker who has a award named after him 725 Puskás
87%
9 Legendary German striker who has won the UCL and WC 634 Gerd Müller
80%
12 Legendary Uruguayan striker who now plays in Inter Miami 600 Luis Suárez
77%
15 Swedish legend who retired in 2023 and was known for powerful shots and volleys 561 Zlatan Ibrahimović
72%
13 Portuguese legendary player and Benfica legend 578 Eusébio
65%
20 Argentine-Spanish striker who made history with Real Madrid 537 Alfredo Di Stéfano
53%
4 Brazilian legend who played for PSV and Barcelona 756 Romário
52%
6 Austrian-Czech legend striker who played for Slavia Prague 722 Josef Bican
33%
18 German footballer who was a prolific goalscorer 552 Uwe Seeler
12%
8 Northern Irish player who was a prolific goalscorer 639 Jimmy Jones
6%
11 Dutch striker who was born and played in Heerenveen 624 Abe Lenstra
4%
16 Portuguese striker who spent his entire career in Sporting Lisbon 553 Fernando Peyroteo
4%
19 Scottish forward who played in Celtic 550 Jimmy McGrory
3%
14 Northern Irish striker who made over 1000 apps. 563 Glenn Ferguson
1%
16 Hungarian striker who became the first person ever to top the European top scoring four seasons in a row 553 Imre Schlosser
1%
10 Northern Irish footballer who once played for Chelsea 626 Joe Bambrick
1%
No matching quizzes found
Score Distribution
Percent of People with Each Score
Percentile by Number Answered
Your Score History
You have not taken this quiz since the last reset